[Event "EU-chB18"]
[Site "Herceg Novi MNE"]
[Date "2006.09.14"]
[Round "5"]
[White "Ronchetti,N"]
[Black "Taras,D"]
[Result "1-0"]
[WhiteElo "2421"]
[BlackElo "2186"]

1.e4 c5 2.Nf3 d6 3.Bb5+ Nc6 4.O-O Bd7 5.Re1 a6 6.Bf1 Nf6 7.c3 e6 8.d4 cxd4
9.cxd4 d5 10.exd5 Nxd5 11.Nc3 Qa5 12.Qb3 Nxc3 13.bxc3 Be7 14.Bd2 b5 15.d5 exd5
16.Qxd5 Qd8 17.Ne5 Nxe5 18.Qxe5 Be6 19.Qxg7 Bf6 20.Qh6 Rg8 21.Rad1 Qe7 22.c4 Rg6
23.Qf4 Rd8 24.Ba5 Rxd1 25.Rxd1 Qb7 26.cxb5 axb5 27.Qb4 Bc4 28.Qe1+ Be6 29.Bb4 Rg4
30.g3 Re4 31.Qxe4 Qxe4 32.Bxb5+ Bd7 33.Bxd7+  1-0

[Event "EU-chG16"]
[Site "Herceg Novi MNE"]
[Date "2006.09.14"]
[Round "5"]
[White "Ivanova,D"]
[Black "Robles Garcia,C"]
[Result "1/2-1/2"]
[WhiteElo "2101"]
[BlackElo "2153"]

1.e4 c5 2.Nf3 d6 3.Bb5+ Bd7 4.Bxd7+ Qxd7 5.c4 Nc6 6.d4 cxd4 7.Nxd4 g6 8.Be3 Bg7
9.O-O Nf6 10.f3 O-O 11.Nc3 Rab8 12.Qd2 a6 13.Rfd1 Rfc8 14.b3 Qc7 15.Rac1 Qa5
16.Nce2 Qxd2 17.Rxd2 Nd7 18.Nxc6 Rxc6 19.Nf4 Kf8 20.Nd5 h6 21.Kf2 Nc5 22.Ke2 Rbc8
23.Rdc2 Ke8 24.Nb4 Rb6 25.Nd3 Nxd3 26.Kxd3 Rbc6 27.h3  1/2-1/2

[Event "Mitropa Cup Men"]
[Site "Brno CZE"]
[Date "2006.09.15"]
[Round "9"]
[White "Kalod,R"]
[Black "Abergel,T"]
[Result "0-1"]
[WhiteElo "2512"]
[BlackElo "2477"]

1.e4 c5 2.Nf3 d6 3.Bb5+ Nc6 4.O-O Bd7 5.c3 Nf6 6.Re1 a6 7.Bxc6 Bxc6 8.d4 Bxe4
9.Bg5 Bc6 10.Bxf6 gxf6 11.d5 Bd7 12.Nbd2 Qc7 13.b4 O-O-O 14.a4 Rg8 15.Qb3 e6
16.c4 f5 17.b5 Qa5 18.bxa6 b6 19.Ra3 Kc7 20.Qa2 Ra8 21.Nb3 Qb4 22.Nbd2 Qa5
23.Nb3 Qxa6 24.a5 Kd8 25.Qc2 Rg4 26.Nbd2 bxa5 27.h3 Rg8 28.Rb1 a4 29.Ra2 Bg7
30.Ng5 h6 31.Ngf3 Kc7 32.Rd1 e5 33.Nb1 e4 34.Nfd2 Qa5 35.Rc1 Rgb8 36.Na3 Rb7
37.Nb5+ Bxb5 38.cxb5 Qxb5 39.Nc4 Qb3 40.Qe2 Bd4 41.Ra3 Qb5 42.Qd2 Qd7 43.Na5 Rb5
44.Rxa4 Bb2 45.Rc2 Be5 46.Qe1 Rb2 47.Ra2 Rxc2 48.Rxc2 Qa4 49.f4 Bd4+ 50.Kh2 Qxc2
51.Qh4 Rxa5 52.Qe7+ Kb6 53.Qd7 Ra6 54.Qxd6+ Ka5 55.Qc7+ Ka4 56.Qd7+ Ka3  0-1

[Event "EU-chB16"]
[Site "Herceg Novi MNE"]
[Date "2006.09.16"]
[Round "6"]
[White "Edouard,R"]
[Black "Salgado Lopez,I"]
[Result "1-0"]
[WhiteElo "2404"]
[BlackElo "2411"]

1.e4 c5 2.Nf3 d6 3.Bb5+ Nc6 4.Bxc6+ bxc6 5.O-O Bg4 6.h3 Bh5 7.c3 Nf6 8.Re1 Nd7
9.d4 cxd4 10.cxd4 e6 11.Be3 Be7 12.Nbd2 O-O 13.Rc1 Rc8 14.Qa4 f5 15.exf5 exf5
16.Bf4 g5 17.Rxe7 Qxe7 18.Re1 Nb6 19.Qa3 Qd7 20.Bxd6 Rfd8 21.Bc5 Nd5 22.Ne5 Qg7
23.Ndc4 f4 24.Nd6 Rc7 25.Qb3 Be8 26.Nf5 Rb7 27.Qf3 Qh8 28.Nh6+ Kg7 29.Nf5+ Kg8
30.Ng4 h5 31.Ngh6+ Kh7 32.Re6 Bg6 33.Qd3 Nf6 34.Be7 Qe8 35.Qe2 Rdd7 36.Bxf6 Qf8
37.Be7 Qb8 38.Rxg6 Rxb2 39.Rg7+ Kh8 40.Nf7+  1-0

[Event "5th Open"]
[Site "Izmir TUR"]
[Date "2006.09.16"]
[Round "7"]
[White "Mamedov,Rau"]
[Black "Miroshnichenko,E"]
[Result "1/2-1/2"]
[WhiteElo "2561"]
[BlackElo "2616"]

1.e4 c5 2.Nf3 d6 3.Bb5+ Nd7 4.O-O Nf6 5.Re1 e6 6.c3 a6 7.Bf1 Be7 8.d4 cxd4
9.cxd4 b5 10.a4 bxa4 11.Rxa4 Nb6 12.Ra1 O-O 13.Nc3 Bb7 14.Bd3 Re8 15.h3  1/2-1/2

[Event "7th Masters vs Hopefuls"]
[Site "Lausanne SUI"]
[Date "2006.09.16"]
[Round "6"]
[White "Gheorghiu,F"]
[Black "Vuilleumier,A"]
[Result "1/2-1/2"]
[WhiteElo "2379"]
[BlackElo "2402"]

1.e4 c5 2.Nf3 d6 3.Bb5+ Bd7 4.Bxd7+ Qxd7 5.O-O Nf6 6.Re1 Nc6 7.d4 cxd4 8.Nxd4 g6
9.Nxc6 Qxc6 10.Nc3 Bg7 11.Bg5  1/2-1/2

[Event "12th DDS League and Open"]
[Site "Tuzla BIH"]
[Date "2006.09.16"]
[Round "3"]
[White "Nurkic,S"]
[Black "Cengija,V"]
[Result "1-0"]
[WhiteElo "2395"]
[BlackElo "2304"]

1.e4 c5 2.Nf3 d6 3.Bb5+ Nd7 4.O-O Nf6 5.Re1 a6 6.Bf1 e5 7.c3 Be7 8.d4 O-O
9.a4 h6 10.a5 Re8 11.d5 Nf8 12.Nbd2 N6h7 13.Nc4 Ng5 14.Nxg5 Bxg5 15.Bxg5 hxg5
16.b4 Qc7 17.Qd2 Nh7 18.Qe3 Bd7 19.bxc5 dxc5 20.Rab1 Rad8 21.Rb6 Bb5 22.Rb1 Nf6
23.Nd2 Bxf1 24.Kxf1 Nd7 25.Rxb7 Qxa5 26.Nc4 Qa4 27.Nd6 Rf8 28.Qxg5 Rb8 29.g3 Rxb7
30.Rxb7 Nf6 31.Nf5 Qd1+ 32.Kg2  1-0

[Event "EU-chB16"]
[Site "Herceg Novi MNE"]
[Date "2006.09.17"]
[Round "7"]
[White "Roganovic,Milo"]
[Black "Bindrich,F"]
[Result "1-0"]
[WhiteElo "2293"]
[BlackElo "2486"]

1.e4 c5 2.Nf3 d6 3.Bb5+ Nd7 4.c3 Nf6 5.Qe2 a6 6.Ba4 b5 7.Bc2 Bb7 8.O-O Rc8
9.d3 e5 10.c4 b4 11.h3 g6 12.Nh2 Bg7 13.Bg5 h6 14.Be3 Nh5 15.g3 Nf8 16.Ba4+ Ke7
17.a3 Ne6 18.Nd2 bxa3 19.bxa3 Ba8 20.Rfb1 Nhf4 21.Qf1 Nh5 22.Bd1 Nf6 23.Nb3 h5
24.Qe1 Nd7 25.h4 f5 26.Bf3 f4 27.Bc1 Bh6 28.Qa5 Qf8 29.Qxa6 fxg3 30.fxg3 Bxc1
31.Nxc1 Nd4 32.Kg2 g5 33.Ne2 Nc2 34.Ra2 Ne3+ 35.Kh1 Rb8 36.Rxb8 Qxb8 37.Qb5 Qf8
38.Qb1 gxh4 39.gxh4 Rg8 40.Qe1 Qf6 41.Ng1 Ng4 42.Bxg4 hxg4 43.Rg2 Qe6 44.Ne2 Nf6
45.Ng3 Kd7 46.Qa5 Rb8 47.Qa7+ Kc8 48.Nf5 Bb7 49.Nxg4 Nd7 50.Nge3 Ra8 51.Rg8+ Qxg8
52.Qxa8+  1-0

[Event "ProMoPro Open"]
[Site "Prague CZE"]
[Date "2006.09.17"]
[Round "9"]
[White "Hase,P"]
[Black "Erneker,J"]
[Result "0-1"]
[WhiteElo "2129"]
[BlackElo "2198"]

1.e4 c5 2.Nf3 d6 3.Bb5+ Bd7 4.Bxd7+ Qxd7 5.d4 cxd4 6.Nxd4 Nf6 7.Nc3 g6 8.O-O Bg7
9.f3 O-O 10.Be3 Nc6 11.Qd2 Rfc8 12.Rfd1 Ne5 13.b3 Rab8 14.Nce2 b5 15.c3 Qb7
16.Nf4 Rc7 17.Nde2 Rbc8 18.Nd5 Rd7 19.Bg5 Ne8 20.Be3 e6 21.Nb4 d5 22.exd5 a5
23.Nc2 Rxd5 24.Ncd4 Nxf3+ 25.gxf3 e5 26.Qd3 Nd6 27.a4 exd4 28.Nxd4 Nf5 29.axb5 Re8
30.Bf2 Bxd4 31.Bxd4 Ne3 32.Qe2 Rg5+ 33.Kh1 Rg2 34.Qxg2 Nxg2 35.Kxg2 Qxb5
36.Rd2 Qg5+  0-1

[Event "EU-chB16"]
[Site "Herceg Novi MNE"]
[Date "2006.09.18"]
[Round "8"]
[White "Edouard,R"]
[Black "Levin,Ev"]
[Result "1-0"]
[WhiteElo "2404"]
[BlackElo "2336"]

1.e4 c5 2.Nf3 d6 3.Bb5+ Bd7 4.Bxd7+ Qxd7 5.c4 Nc6 6.d4 cxd4 7.Nxd4 Nf6 8.Nc3 e6
9.O-O Be7 10.Re1 O-O 11.b3 Rfd8 12.Bb2 Rac8 13.Rc1 a6 14.Na4 Qc7 15.Re3 Nxd4
16.Bxd4 Qc6 17.Qe1 b5 18.Nb2 d5 19.exd5 Nxd5 20.Rg3 f6 21.Nd3 Nc7 22.Qe3 Kh8
23.Rh3 e5 24.Bxe5 Ba3 25.Bb2 Bxb2 26.Nxb2 Ne6 27.Rh4 Qd6 28.Re4 Ng5 29.Re7 h6
30.h4 Nh7 31.c5 Qd5 32.Rd1 Qh5 33.Rxd8+ Rxd8 34.c6 Nf8 35.c7 Rc8 36.Qh3 f5
37.Qd3 Qxh4 38.Qd8 Qg5 39.Nd3 Kg8 40.Re8 Qh5 41.Qxc8 Qd1+ 42.Ne1  1-0

[Event "EU-chG18"]
[Site "Herceg Novi MNE"]
[Date "2006.09.19"]
[Round "9"]
[White "Khudaya,I"]
[Black "Laurusaite,B"]
[Result "1/2-1/2"]
[WhiteElo "2119"]
[BlackElo "1962"]

1.e4 c5 2.Nf3 d6 3.Bb5+ Bd7 4.Bxd7+ Qxd7 5.O-O g6 6.d4 cxd4 7.Qxd4 Nf6 8.Nc3 Bg7
9.Bg5 O-O 10.Rfe1 Nc6 11.Qd2 Ng4 12.Rab1 Rfc8 13.Nd5 h6 14.Bf4 Kh7 15.c3 Na5
16.h3 Nc4 17.Qd3 Nge5 18.Nxe5 Bxe5 19.Bxe5 Nxe5 20.Qg3 Rf8 21.Rbd1 Nc6 22.e5 Kg7
23.Nf4 Qf5 24.exd6 exd6 25.Rxd6 Rad8 26.Rxd8 Rxd8 27.Qe3 Qc2 28.Qc1 Qxc1
29.Rxc1 Rd2 30.Rb1 Ne5 31.a4 g5 32.Nh5+ Kg6 33.Ng3 Nd3 34.b4 Nxf2 35.Rf1 Nd3
36.a5 Nf4 37.Rf2 Rd1+ 38.Kh2  1/2-1/2

[Event "14th Bora Kostic Mem"]
[Site "Vrsac SCG"]
[Date "2006.09.21"]
[Round "9"]
[White "Macieja,B"]
[Black "Damljanovic,B"]
[Result "1-0"]
[WhiteElo "2613"]
[BlackElo "2625"]

1.e4 c5 2.Nf3 d6 3.Bb5+ Bd7 4.Bxd7+ Qxd7 5.c4 g6 6.Nc3 Bg7 7.d4 cxd4 8.Nxd4 Nf6
9.f3 O-O 10.Be3 a6 11.Rc1 Rc8 12.b3 Qd8 13.Qd2 Nc6 14.Nde2 Rab8 15.O-O Qa5
16.Rfd1 b5 17.Nd5 Qxd2 18.Rxd2 Nxd5 19.cxd5 Nb4 20.Rxc8+ Rxc8 21.Kf2 Nc2
22.Bb6 Kf8 23.Nf4 Na3 24.Ne2 Ke8 25.Ke1 Kd7 26.Kd1 Nb1 27.Rc2 Nc3+ 28.Nxc3 Bxc3
29.g4 e6 30.dxe6+ fxe6 31.Ke2 b4 32.f4 Rf8 33.Be3 d5 34.Kd3 g5 35.exd5 gxf4
36.Rf2 e5 37.Bc1 Bd4 38.Rf1 Kd6 39.Ke4 Bc3 40.g5 a5 41.h4 Rg8 42.Rd1 Rf8
43.h5 Rg8 44.Rg1 Bd4 45.Rg4 f3 46.Kxf3 Kxd5 47.Be3 Bc3 48.Ke2 Ke6 49.Rc4 Kf5
50.Rc7 Bd4 51.Bd2 Ke4 52.Rxh7 Rf8 53.Be1 Be3 54.g6 Rc8 55.g7 Rg8 56.h6 Bxh6
57.Rxh6 Rxg7 58.Ra6  1-0

[Event "Vojvodina Quality League m"]
[Site "Sremska Mitrovica SRB"]
[Date "2006.09.22"]
[Round "1"]
[White "Jakovljev,Z"]
[Black "Miranovic,R"]
[Result "1/2-1/2"]
[WhiteElo "2240"]
[BlackElo "2384"]

1.e4 c5 2.Nf3 d6 3.Bb5+ Bd7 4.Bxd7+ Qxd7 5.O-O Nc6 6.c3 Nf6 7.Re1 e6 8.d4 cxd4
9.cxd4 d5 10.e5 Ne4 11.Nbd2 Nxd2 12.Bxd2 Be7 13.Rc1 O-O 14.Rc3 Rac8 15.a3 b5
16.Rd3 b4 17.h4 bxa3 18.bxa3 h6 19.Nh2 f5 20.exf6 Bxf6 21.Qg4 h5 22.Qxe6+ Qxe6
23.Rxe6 Bxh4 24.Nf3 Bf6 25.Bg5 Kf7 26.Re2 Rfe8 27.Rxe8 Rxe8 28.Bxf6 Kxf6
29.Nd2 Re1+ 30.Kh2 g5 31.Rf3+ Kg6 32.Rc3 Nxd4 33.Rd3 Nf5 34.Rxd5 Rd1 35.Rd7 g4
36.g3 h4 37.gxh4 Kh6 38.Rd5 Nxh4 39.Kg3 Nf3 40.Rd6+ Kh5 41.Ne4 Rxd6 42.Nxd6 Nd4  1/2-1/2

[Event "Vojvodina Quality League m"]
[Site "Sremska Mitrovica SRB"]
[Date "2006.09.22"]
[Round "1"]
[White "Petijevic,V"]
[Black "Bulajic,R"]
[Result "0-1"]
[WhiteElo "2289"]
[BlackElo "2286"]

1.e4 c5 2.Nf3 d6 3.Bb5+ Nd7 4.O-O a6 5.Bd3 b5 6.a4 c4 7.Be2 Bb7 8.Nc3 b4
9.Nd5 e6 10.Ne3 Bxe4 11.Nxc4 d5 12.Ne3 Bd6 13.d3 Bg6 14.Re1 Ngf6 15.Nf1 e5
16.Bg5 O-O 17.Nh4 Qc7 18.Qd2 h6 19.Nxg6 fxg6 20.Bh4 a5 21.Bg3 Rac8 22.Ne3 Bc5
23.Ng4 Bd4 24.Rab1 Qxc2 25.Nxh6+ gxh6 26.Qxh6 Kf7 27.h4 Rh8 28.Qg5 Qc6 29.Bf3 Qe6
30.Rbc1 Qf5  0-1

[Event "Glassy Stream Masters"]
[Site "Kharkiv UKR"]
[Date "2006.09.23"]
[Round "2"]
[White "Ivanov,AA"]
[Black "Kucherenko,D"]
[Result "1-0"]
[WhiteElo "2394"]
[BlackElo "2334"]

1.e4 c5 2.Nf3 d6 3.Bb5+ Bd7 4.Bxd7+ Qxd7 5.O-O Nf6 6.Re1 Nc6 7.c4 g6 8.Nc3 Bg7
9.Rb1 O-O 10.d4 cxd4 11.Nxd4 Rfc8 12.Nde2 Ne5 13.b3 a6 14.Bf4 Nh5 15.Bxe5 Bxe5
16.Nd5 Qd8 17.Qd3 Rc5 18.g3 b5 19.Rec1 e6 20.Ne3 Qb6 21.Rd1 Rd8 22.Rbc1 b4
23.Ng4 Bg7 24.Qe3 Nf6 25.Nxf6+ Bxf6 26.Rc2 Qc6 27.Rcd2 Re5 28.Rd4 Ra5 29.R4d2 Re5
30.Nd4 Qa8 31.Re2 Kg7 32.Nf3 Rc5 33.Rxd6 Rxd6 34.Qxc5 Rd1+ 35.Kg2 Bc3 36.Qc7 Qd8
37.Qxd8 Rxd8 38.Rc2 Rd1 39.Ng1 Kf6 40.Ne2 Rd3 41.Nc1 Rd8 42.Kf3 Ke5 43.a3 a5
44.axb4 axb4 45.Ra2 Bd2 46.Ra5+ Kd4 47.Na2 Kd3 48.Rb5 Kc2 49.Nxb4+ Kxb3 50.Nc6+ Kxc4
51.Rb7 Rf8 52.Ne5+ Kc5 53.Rxf7 Rxf7+ 54.Nxf7 Kd4 55.Ke2 Bc1 56.f3 Kc5 57.Kd3 Kc6
58.f4 Kd7 59.Ne5+ Ke7 60.Nc4 g5 61.Kc2 Bxf4 62.gxf4 gxf4 63.Ne5 Kf6 64.Nf3  1-0

[Event "Monarch Assurance Isle of Man"]
[Site "Port Erin IOM"]
[Date "2006.09.23"]
[Round "1"]
[White "Grant,A"]
[Black "Stocek,J"]
[Result "0-1"]
[WhiteElo "2193"]
[BlackElo "2561"]

1.e4 c5 2.Nf3 d6 3.Bb5+ Nd7 4.d4 cxd4 5.Qxd4 a6 6.Bxd7+ Bxd7 7.Bg5 Rc8 8.Na3 Qa5+
9.c3 e5 10.Qd3 f6 11.Bd2 d5 12.Qxd5 Qxd5 13.exd5 Bxa3 14.bxa3 Ne7 15.d6 Nf5
16.O-O Nxd6 17.Rab1 Kf7 18.Rfc1 Rc4 19.Rb6 Rc6 20.Rxc6 Bxc6 21.c4 Nf5 22.Be3 Rd8
23.Ne1 Nxe3 24.fxe3 Rd2 25.Rc2 Rxc2 26.Nxc2 a5 27.Na1 a4 28.Nc2 Ke6 29.Nb4 Be4
30.c5 f5 31.g3 g5 32.Kf2 h5 33.Ke2 f4 34.Kf2 Ke7 35.h3 fxg3+ 36.Kxg3 h4+
37.Kh2 Ke6 38.Kg1 Kf5 39.c6 Bxc6  0-1

[Event "Monarch Assurance Isle of Man"]
[Site "Port Erin IOM"]
[Date "2006.09.23"]
[Round "1"]
[White "Ferguson,M"]
[Black "Kobalia,M"]
[Result "1/2-1/2"]
[WhiteElo "2389"]
[BlackElo "2647"]

1.e4 c5 2.Nf3 d6 3.Bb5+ Nd7 4.c3 Nf6 5.Qe2 a6 6.Ba4 e5 7.O-O Be7 8.d4 b5
9.Bc2 O-O 10.a4 Rb8 11.Nbd2 Qc7 12.dxe5 dxe5 13.b3 Re8 14.Rd1 Bb7 15.Nf1 Bc6
16.axb5 axb5 17.Ng3 Qb7 18.h3 Ra8 19.Rxa8 Rxa8 20.Bd3 Bf8 21.Nh2 Ne8 22.Nf5 Ndf6
23.Ng4 Bxe4 24.Nxe5 Ra1 25.f3 Bxd3 26.Nxd3 Qd5 27.Ne7+ Bxe7 28.Qxe7 c4 29.bxc4 Qxc4
30.Re1 h6 31.Ne5 Qd5 32.Bd2 Ra8 33.Be3 Rc8 34.Bd4 Nd6 35.Ng4 Nxg4 36.hxg4 Re8
37.Qxe8+ Nxe8 38.Rxe8+ Kh7 39.Rb8 h5 40.gxh5 Qxh5 41.Rb6 Qd5 42.Kf2 f6 43.Rb8 Kg6
44.Rb6 Kf7 45.g4 Ke8 46.Ke3 Kd8 47.Ra6 Qb3 48.Rd6+ Kc7 49.Ra6 Kd8 50.Rd6+ Ke8
51.Rb6 Qb1 52.Rb8+ Kf7 53.Rb7+ Kg6 54.Kf2 Qc2+ 55.Kg3 Qe2 56.Kf4 Qe8 57.Rb6 Qd7
58.Kg3 Qd5 59.Kf4 Kf7 60.Ke3 Qg5+ 61.Ke2 Ke7 62.Rb7+ Kd6 63.Rb6+ Kc7 64.Ra6 Qh6
65.Bf2 Qh7 66.Bd4 Qh2+ 67.Ke3 Kd8 68.Ra8+ Ke7 69.Ra6 Kf7 70.Rb6 Qb2 71.Rb7+ Kg6
72.Kf4 Qe2 73.Kg3 Qf1 74.Kf4 Kh6 75.Rb6 Qc1+ 76.Ke4 Qc2+ 77.Ke3 Qb1 78.Kf4 Kh7
79.Rb7 Kg6 80.Kg3 Qe1+ 81.Kg2 Kh6 82.Bf2 Qe2 83.Kg3 Qf1 84.Bd4 Kg6 85.Rb6 Qe1+
86.Kg2 Kg5 87.Rxb5+  1/2-1/2

[Event "Vojvodina Quality League m"]
[Site "Sremska Mitrovica SRB"]
[Date "2006.09.23"]
[Round "3"]
[White "Jakovljev,Z"]
[Black "Ilincic,Z"]
[Result "0-1"]
[WhiteElo "2240"]
[BlackElo "2515"]

1.e4 c5 2.Nf3 d6 3.Bb5+ Bd7 4.Bxd7+ Qxd7 5.O-O Nc6 6.c3 Nf6 7.Re1 e6 8.d4 cxd4
9.cxd4 d5 10.e5 Ne4 11.Nbd2 Nxd2 12.Bxd2 Be7 13.Rc1 O-O 14.Rc3 f5 15.exf6 Bxf6
16.Rd3 a5 17.a3 b5 18.b3 Qd6 19.Qa1 b4 20.a4 Rac8 21.g3 Qd7 22.Qd1 Qf7 23.Qe2 Rfe8
24.Bf4 h6 25.h4 Qg6 26.Qd2 Qf5 27.Kg2 Ne7 28.Be5 Rc6 29.Bxf6 gxf6 30.Nh2 Qg6
31.Rf3 Nf5 32.Qf4 h5 33.Kh3 Kf7 34.Qd2 Rec8 35.Qf4 Qh6 36.Qxh6 Nxh6 37.Re5 Rc3
38.Rf4 Nf5 39.Rexf5 exf5 40.Rxf5 Ke6 41.Rxh5 Rxb3 42.Rh6 Ra3 43.Ng4 Rf8 44.Ne5 Rxa4
45.Nd3 Ra3 46.Nc5+ Kd6 47.Rh7 Kc6 48.Rb7 Rc3 49.Ra7 Rxc5 50.dxc5 b3 51.Ra6+ Kb5
52.Rb6+ Kc4 53.c6 a4 54.c7 Rc8  0-1

[Event "Vojvodina Quality League m"]
[Site "Sremska Mitrovica SRB"]
[Date "2006.09.23"]
[Round "3"]
[White "Petijevic,V"]
[Black "Stupavski,Z"]
[Result "1/2-1/2"]
[WhiteElo "2289"]
[BlackElo "2405"]

1.e4 c5 2.Nf3 d6 3.Bb5+ Bd7 4.Bxd7+ Qxd7 5.c4 Nc6 6.d4 cxd4 7.Nxd4 Nf6 8.Nc3 g6
9.f3 Bg7 10.Be3 O-O 11.O-O a6 12.Qd2 Nxd4 13.Bxd4 b5 14.Nd5 Nxd5 15.Bxg7 Kxg7
16.cxd5 Rfc8 17.Rfc1 f6 18.Qd4 Rxc1+ 19.Rxc1 Rc8 20.Rc3 Kf7 21.h3 g5 22.Kh2 Rc7
23.Ra3 Qc8 24.Qb6 Rc2 25.Qxa6 Qxa6  1/2-1/2

[Event "Monarch Assurance Isle of Man"]
[Site "Port Erin IOM"]
[Date "2006.09.24"]
[Round "2"]
[White "Devereaux,M"]
[Black "Areshchenko,A"]
[Result "0-1"]
[WhiteElo "2377"]
[BlackElo "2641"]

1.e4 c5 2.Nf3 d6 3.Bb5+ Nc6 4.Bxc6+ bxc6 5.O-O Bg4 6.h3 Bh5 7.c3 e5 8.d3 Be7
9.Nbd2 Nf6 10.Re1 Nd7 11.Nf1 Nf8 12.Ng3 Bxf3 13.Qxf3 g6 14.Qd1 Ne6 15.Qa4 Qb6
16.Bh6 Bg5 17.Bxg5 Nxg5 18.b4 O-O 19.bxc5 Qxc5 20.d4 Qxc3 21.dxe5 Qxe5 22.Qxc6 Rfc8
23.Qd5 Rab8 24.Rab1 h5 25.h4 Ne6 26.Rxb8 Rxb8 27.Rd1 Qf4 28.Qa5 Rb2 29.Qxa7 Qxh4
30.Qa8+ Kg7 31.Qd5 Qf4 32.Nh1 Qg4 33.Re1 Kh7 34.Qd1 Qf4 35.a4 Nc5 36.g3 Qe5
37.a5 Ra2 38.g4 h4 39.Qf3 Kg7 40.Qe3 Ne6 41.Rd1 Rxa5 42.Qb6 Qxe4  0-1

[Event "Tatry Open"]
[Site "Tatranske Zruby SVK"]
[Date "2006.09.24"]
[Round "2"]
[White "Blaha,B"]
[Black "Jedlicka,A"]
[Result "0-1"]
[WhiteElo "1981"]
[BlackElo "2209"]

1.e4 c5 2.Nf3 d6 3.Bb5+ Bd7 4.Bxd7+ Qxd7 5.O-O Nc6 6.c4 Nf6 7.Nc3 g6 8.d3 Bg7
9.Be3 O-O 10.h3 Rfc8 11.Rc1 a6 12.b3 b5 13.Qe2 b4 14.Na4 Rab8 15.d4 cxd4
16.Nxd4 Nxe4 17.Nxc6 Qxc6 18.Nb6 Re8 19.Na4 f5 20.Rfd1 Be5 21.Qf3 Rf8 22.Bd4 Bxd4
23.Rxd4 Rbc8 24.Qe3 e5 25.Rd5 Nf6 26.Rdd1 Rcd8 27.c5 Nd5 28.Qf3 e4 29.Qg3 dxc5
30.Rxc5 Qe6 31.Rdc1 f4 32.Qg5 e3 33.fxe3 fxe3 34.Rc6 Qf7 35.Nc5 Nf4 36.Ne4 Ne2+
37.Kh2 Nxc1 38.Nf6+ Kh8 39.Qe5 Nd3 40.Qa1 Qg7  0-1

[Event "Monarch Assurance Isle of Man"]
[Site "Port Erin IOM"]
[Date "2006.09.25"]
[Round "3"]
[White "Ferguson,M"]
[Black "Stocek,J"]
[Result "1/2-1/2"]
[WhiteElo "2389"]
[BlackElo "2561"]

1.e4 c5 2.Nf3 d6 3.Bb5+ Nd7 4.c3 Nf6 5.Qe2 a6 6.Ba4 e5 7.O-O Be7 8.d4 b5
9.Bc2 cxd4 10.cxd4 O-O 11.a4 b4 12.Nbd2 exd4 13.Nxd4 Bb7 14.Nf5 Re8 15.Qd3 Ne5
16.Qg3 Nh5 17.Qb3 Bf8 18.Nf3 Rc8 19.Nxe5 Rxe5 20.Bd1 Nf6 21.Qg3 Kh8 22.f3 Qe8
23.Qh4 d5 24.Bg5 Qe6 25.Bb3 Qb6+ 26.Kh1 dxe4 27.Nh6 Rc7 28.Bxf6 Qxf6 29.Qxf6 gxf6
30.Nxf7+ Rxf7 31.Bxf7 exf3 32.gxf3 Rf5 33.Kg2 Rg5+ 34.Kf2 Kg7 35.Bc4 Bc5+
36.Ke1 a5 37.Rd1 Bc6 38.b3 Re5+ 39.Kd2 Rh5 40.Kc1 Rxh2 41.Rd8 Bb6 42.Rd6 Be3+
43.Kd1 Ba8 44.Rd8 Bc6 45.Rd6 Ba8 46.Re6 Bf2 47.Ke2 Bc5+ 48.Ke1 Rh3 49.Ke2 Rh2+
50.Ke1 Rh3 51.Re8 Bxf3 52.Rg8+ Kh6 53.Be2 Bxe2 54.Rxf6+ Kh5 55.Rf5+ Kh6 56.Rf6+ Kh5
57.Rf5+ Kh6 58.Kxe2 Rh2+ 59.Kd3 Rh3+ 60.Kc4 Rc3+ 61.Kb5 Be7 62.Re5 Bh4 63.Rg2 Bg3
64.Re4 Kg5 65.Kxa5 Rxb3 66.Rxb4 Re3 67.Kb6 h5 68.a5 h4 69.a6 h3 70.Ra2 h2
71.Rb1 Rb3+ 72.Rxb3 h1=Q 73.Rxg3+ Kf4 74.Rgg2 Qh6+ 75.Kb5 Qh5+ 76.Kb4 Qd5
77.Rgf2+ Kg3 78.Rfc2 Qd6+ 79.Kc4 Qc6+ 80.Kb4 Qb6+ 81.Kc3 Qc5+ 82.Kd3 Qd5+
83.Ke3 Qe5+ 84.Kd2 Qd4+ 85.Kc1 Qg1+ 86.Kb2 Qb6+ 87.Kc3  1/2-1/2

[Event "Tatry Open"]
[Site "Tatranske Zruby SVK"]
[Date "2006.09.25"]
[Round "4"]
[White "Markos,J"]
[Black "Kubin,P"]
[Result "1-0"]
[WhiteElo "2526"]
[BlackElo "2058"]

1.e4 c5 2.Nf3 d6 3.Bb5+ Bd7 4.Bxd7+ Qxd7 5.O-O Nc6 6.c4 Nf6 7.Nc3 e6 8.d4 cxd4
9.Nxd4 Be7 10.Be3 O-O 11.Qe2 a6 12.Rfd1 Qc7 13.Rac1 Rac8 14.b3 Rfd8 15.f4 Qa5
16.f5 Nxd4 17.Bxd4 Nd7 18.fxe6 fxe6 19.Qg4 Bf6 20.Qxe6+ Kh8 21.Qd5 Bxd4+
22.Qxd4 Ne5 23.Na4 b5 24.Nb6 Rb8 25.c5 b4 26.c6 Rxb6 27.c7 Rc8 28.Rc5 Rb5
29.Qxd6  1-0

[Event "15th TCh-CRO"]
[Site "Sibenik CRO"]
[Date "2006.09.26"]
[Round "5"]
[White "Jovanovic,Zo CRO"]
[Black "Georgiev,Ki"]
[Result "1/2-1/2"]
[WhiteElo "2543"]
[BlackElo "2685"]

1.e4 c5 2.Nf3 d6 3.Bb5+ Bd7 4.Bxd7+ Qxd7 5.O-O Nf6 6.Re1 Nc6 7.c3 e6 8.d4 cxd4
9.cxd4 d5 10.e5 Ng8 11.a3 h5 12.Nc3 Nh6 13.Ne2 Nf5 14.Ng3 Nce7 15.Bg5 h4
16.Nxf5 Nxf5 17.h3 Be7 18.Bxe7 Qxe7 19.Rc1 O-O 20.Rc3 Rac8 21.Qc2 Qd7 22.Rc1 Rxc3
23.Qxc3 Qb5 24.Qb4 Qd3 25.Qc3 Qb5 26.Qb4 Qd3 27.Qc3  1/2-1/2

[Event "Tatry Open"]
[Site "Tatranske Zruby SVK"]
[Date "2006.09.26"]
[Round "5"]
[White "Sikorova,O"]
[Black "Skapikova,L"]
[Result "1-0"]
[WhiteElo "2302"]
[BlackElo "2066"]

1.e4 c5 2.Nf3 d6 3.Bb5+ Bd7 4.Bxd7+ Nxd7 5.O-O Ngf6 6.Qe2 e6 7.Nc3 Be7 8.d3 O-O
9.Ng5 h6 10.Nh3 Ne5 11.f4 Nc6 12.g4 Nh7 13.f5 e5 14.Nd5 Bh4 15.Kh1 Ne7 16.f6 Nxd5
17.fxg7 Kxg7 18.exd5 Ng5 19.Ng1 Qe7 20.Rf5 f6 21.Bd2 Rf7 22.Raf1 Re8 23.b3 a6
24.Bxg5 Bxg5 25.Nf3 Qd8 26.h4 Bf4 27.Ng1 Qa5 28.R1xf4  1-0

[Event "1st TCH-MNE"]
[Site "Herceg Novi MNE"]
[Date "2006.09.27"]
[Round "6"]
[White "Gavric,M"]
[Black "Rabrenovic,M"]
[Result "1/2-1/2"]
[WhiteElo "2399"]
[BlackElo "2341"]

1.e4 c5 2.Nf3 d6 3.Bb5+ Bd7 4.Bxd7+ Qxd7 5.O-O Nc6 6.c3 d5 7.exd5 Qxd5 8.d4 e6
9.Be3 cxd4 10.cxd4 Nf6 11.Nc3 Qa5 12.Qb3 Qb4 13.Qc2 Be7 14.a3 Qd6 15.Rfd1 O-O
16.Rac1  1/2-1/2

[Event "Monarch Assurance Isle of Man"]
[Site "Port Erin IOM"]
[Date "2006.09.27"]
[Round "5"]
[White "Grant,A"]
[Black "Peek,Mar"]
[Result "1/2-1/2"]
[WhiteElo "2193"]
[BlackElo "2367"]

1.e4 c5 2.Nf3 d6 3.Bb5+ Bd7 4.Bxd7+ Qxd7 5.O-O Nc6 6.Qe2 Nf6 7.Rd1 e6 8.d4 cxd4
9.Nxd4 Be7 10.Nc3 O-O 11.Nf3 Qc7 12.Nb5 Qb8 13.Bg5 Rd8 14.c4 a6 15.Nc3 b6
16.Rac1 Qb7 17.b3 h6 18.Bf4 Ng4 19.h3 Nge5 20.a4 Rac8 21.Nh2 Na5 22.Rb1 Bf6
23.Bd2 Nac6 24.Ng4 Nxg4 25.Qxg4 Ne5 26.Qg3 Ng6 27.Qd3 Ne5 28.Qg3 Ng6 29.Qd3 Ne5
30.Qg3  1/2-1/2

[Event "Vojvodina Quality League m"]
[Site "Sremska Mitrovica SRB"]
[Date "2006.09.27"]
[Round "8"]
[White "Roganovic,Milo"]
[Black "Stupavski,Z"]
[Result "1/2-1/2"]
[WhiteElo "2293"]
[BlackElo "2405"]

1.e4 c5 2.Nf3 d6 3.Bb5+ Bd7 4.Bxd7+ Qxd7 5.c4 Nf6 6.Nc3 Nc6 7.d4 cxd4 8.Nxd4 g6
9.f3 Bg7 10.Be3 O-O 11.O-O Rfd8 12.Qd2 e6 13.Rfd1 d5 14.Qf2 dxe4 15.Ndb5 Qc8
16.Nxe4 Nxe4 17.fxe4 Ne5 18.Rxd8+ Qxd8 19.Bxa7 Nxc4 20.Rf1 Qd7 21.b3 Qxb5
22.Qxf7+ Kh8 23.bxc4 Qc6 24.Qe7 Re8 25.Qb4 Qxe4 26.Bc5 Kg8 27.Re1 Qc6  1/2-1/2

[Event "Tatry Open"]
[Site "Tatranske Zruby SVK"]
[Date "2006.09.27"]
[Round "6"]
[White "Valenta,V jr"]
[Black "Mozny,M"]
[Result "1-0"]
[WhiteElo "2194"]
[BlackElo "2385"]

1.e4 c5 2.Nf3 d6 3.Bb5+ Bd7 4.Bxd7+ Nxd7 5.O-O e6 6.b3 Ngf6 7.Re1 Be7 8.Bb2 O-O
9.Nc3 e5 10.d3 Ne8 11.Nd5 f5 12.exf5 Rxf5 13.d4 cxd4 14.Nxd4 Rf7 15.Ne6 Qc8
16.Nxe7+ Rxe7 17.Ng5 Ndf6 18.c4 Qf5 19.Nf3 Rf7 20.Qe2 Nc7 21.Rad1 Raf8 22.Nd2 Ne6
23.Qf3 Nf4 24.Ba3 e4 25.Nxe4 Nxe4 26.Qxe4 Qg5 27.Kh1 Re7 28.Qf3 Ng6 29.Qg3 Qd2
30.Rg1 Qxd1  1-0

[Event "1st TCH-MNE"]
[Site "Herceg Novi MNE"]
[Date "2006.09.28"]
[Round "7"]
[White "Miljanic,B"]
[Black "Cetkovic,Mi"]
[Result "1-0"]
[WhiteElo "2436"]
[BlackElo "2260"]

1.e4 c5 2.Nf3 d6 3.Bb5+ Bd7 4.Bxd7+ Qxd7 5.O-O Nc6 6.c3 Nf6 7.Re1 e6 8.d4 O-O-O
9.d5 Ne5 10.Nxe5 dxe5 11.c4 h6 12.Nc3 Kb8 13.a3 Rc8 14.Be3 exd5 15.cxd5 Bd6
16.h3 Ka8 17.a4 g5 18.a5 Kb8 19.Qf3 Qe7 20.Rec1 Rhg8 21.Qf5 a6 22.Na4 Nh5
23.Nb6 Rc7 24.b4 c4 25.Rxc4 Nf4 26.Bxf4 Rxc4 27.Nxc4 gxf4 28.Nxd6 Qxd6 29.Rc1 f6
30.Rc5 Qe7 31.Qh5 Qh7 32.Qf3 Qd7 33.Kh2 Qa4 34.Qc3 Qd1 35.Qc2 Qd4 36.Rc4 Qa1
37.Qc1 Qa2 38.Rc2 Qa4 39.Qd2 Qd7 40.Qc3 h5 41.f3 Rd8 42.Qc5 Qg7 43.Kh1 Qd7
44.Qb6 f5 45.exf5 Qxd5 46.Qc5 Qd1+ 47.Kh2 Ka8 48.Rc1 Qe2 49.f6 Rd2 50.Qf8+ Ka7
51.Qc5+ Ka8 52.Rg1 Qxf3 53.f7  1-0

[Event "1st TCH-MNE"]
[Site "Herceg Novi MNE"]
[Date "2006.09.28"]
[Round "7"]
[White "Scekic,N"]
[Black "Dabetic,R"]
[Result "1/2-1/2"]
[WhiteElo "2115"]
[BlackElo "2348"]

1.e4 c5 2.Nf3 d6 3.Bb5+ Bd7 4.Bxd7+ Nxd7 5.O-O Ngf6 6.Nc3 e6 7.d4 cxd4 8.Nxd4 a6
9.Be3 Be7 10.Kh1 Rc8 11.f4 Qc7 12.Qf3 b5 13.a3 O-O 14.Rae1 Rfe8 15.g4 Nc5
16.g5 Nfd7 17.Bc1 Bf8 18.Nde2 Qc6 19.Ng3 a5 20.Re2 b4 21.axb4 axb4 22.Nd1 d5
23.exd5 exd5 24.Rfe1 Rxe2 25.Rxe2 Ne6 26.Be3 d4 27.Qxc6 Rxc6 28.f5 dxe3 29.fxe6 Rxe6
30.Rxe3 Rg6 31.Ne4 h6 32.gxh6 Rxh6 33.Nef2 Rc6 34.Re2 f6 35.Nd3 Kf7 36.Kg2 Bd6
37.N1f2 Nb6 38.h3 Nd5 39.Kf3 Rc8 40.Ne4 Be7 41.Rd2 Nb6 42.Re2 Rh8 43.Nef2 Rc8
44.Ne4 Rd8 45.Nef2 Nc4 46.Kg2 Rc8 47.Ne4 Na5 48.Kf3 Nc6 49.Ke3 f5 50.Rf2 g6
51.h4 Rh8 52.Ng5+ Kf6 53.Rf4 Re8 54.Kd2 Rd8 55.Ke3 Re8 56.Kd2 Rd8 57.Ke3 Re8  1/2-1/2